000 00697nam a22002177a 4500
003 UA-OsUOA
001 133685
007 ta
008 20181029b un ||||| |||| 00| 0 ukr d
100 _aОмельчук С.
090 _a81
_bО-57
942 _cSA
040 _aUA-OsUOA
_bukr
_cUA-OsUOA
_dUA-OsUOA
245 _aНоваторство Івана Ющука в українській лінгводидактиці кінця ХХ - початку ХХІ сторіччя
300 _aС.36-43
955 _a0
041 _aukr
080 _a81
773 0 _w133683
650 7 _a8 Мовознавство. Художня література. Літературознавство
_2UDC
999 _c422613
_d422613